000 00957pam a2200289 a 4500
999 _c4294
_d4294
001 2405458
003 OSt
005 20230301161227.0
008 860530s1987 enka b 001 0 eng c
010 _a 86014691
020 _a0632015977 :
_c$28.00 (U.S. : est.)
040 _aDNLM/DLC
_cDLC
_dDLC
050 0 0 _aQR360
_b.D56 1987
060 _aQW 160 P953i
082 0 0 _aQW 160
_bD597I 1989
100 1 _aDimmock, N. J.; Primrose, S. B.
_95550
245 1 0 _aIntroduction to Modern Virology
250 _a3rd ed.
260 _aOxford;
_bBlackwell Scientific Publications,
_c1989.
300 _aix, 349 p. :
_bill. ;
_c24 cm.
440 0 _aBasic microbiology,
_x0194-0163 ;
_vv. 2
_99269
500 _aRev. ed. of: Introduction to modern virology / N.J. Dimmock, S.B. Primrose. 3rd ed. 1986.
504 _aIncludes bibliographies and index.
650 0 _aVirology.
_9893
906 _a7
_bcbc
_corignew
_d1
_eocip
_f19
_gy-gencatlg
942 _2ddc
_cO_SHELF